LEADER 01163nam a2200265 i 4500 001 000000174956 003 CaOOAMICUS 005 20081015000000.0 008 081015s1921 it u000 u fre u 013 $a152433 040 $aSeMil$bita 100 1 $aIuvenalis, Decimus Iunius,$d.$0(OLS)http://semarc/name/9245 245 10$aSatires /$cJuvénal ; texte établi et traduit par Pierre de Labriolle et François Villeneuve. 260 $aParis :$bLes Belles Lettres,$c1921. 300 $aXXXII, 200 p. ;$c21 cm. 490 0 $aCollection des Universités de France 700 1 $aVilleneuve, François.$0(OLS)http://semarc/name/15070 700 1 $aLabriolle, Pierre Champagne : de,$c<1874-1940 >.$0(OLS)http://semarc/name/115092 830 0$aCollection des Universités de France.$0(OLS)http://semarc/title/6036 850 $aSeMil 852 $aSeMil$W1$xVenegono$y1$m1X I 8$j125784$B125784$CSeMilBibl$Z2$F136641 $81 900 1 $aLabriolle, Pierre-Henri-Marie Champagne : de. 996 $6245$aSatires$9(OLS)http://semarc/title/250868 996 $6260$aParis :$bLes Belles Lettres$9(OLS)http://semarc/publisher/30422 LEADER 00929nam a2200217 i 4500 001 000000061928 003 CaOOAMICUS 005 20130429000000.0 008 130429s1898 xx u000 u lat u 013 $a33100 040 $aSeMil$bita 100 1 $aMerisi, Antonio.$0(OLS)http://semarc/name/31457 245 13$aDe causalitate sacramentorum :$bdissertatio theologica /$cauctore Antonio Merisi. 260 $aMediolani :$bex officina Colombo & Tarra,$c1898. 300 $a74 p. ;$c23 cm. 500 $aDedica al Card. Ferrari nei preliminari. 650 4$aSacramenti - Teologia cattolica.$0(OLS)http://semarc/subject/113 850 $aSeMil 852 $aSeMil$W1$xVenegono$y1$m2L II 104 FA$j28081$B28081$CSeMilBibl$Z2$F28084 $8I 996 $6245$aDe causalitate sacramentorum :$bdissertatio theologica$9(OLS)http://semarc/title/97433 996 $6260$aMediolani :$bex officina Colombo & Tarra$9(OLS)http://semarc/publisher/42342